| 000 | 01851cad a22002415a 4500 | ||
|---|---|---|---|
| 001 | E147940 | ||
| 008 | 090702s2008 xxka f 000 0 eng d | ||
| 035 | _a(Sirsi) u147940 | ||
| 041 | 0 | _aeng | |
| 050 | 0 | 4 | _a690 $2 18 |
| 100 | 1 | _aLiddell, Howard | |
| 245 | 0 | 0 |
_aDesign and detailing for toxic chemical reduction in buildings _bSEDA desing guides for Scotland no. 3 _h[electronic resource] |
| 260 |
_a[Scotland] _bSEDA _c2008 |
||
| 505 | 2 | _aIntroduction -- The context: aim of the guide; objectives; how to use this guide; target audience; justification; policies and regulation; key policies; the role of regulation; responsibilities and roles -- The issues: construction related chemical pollution; scientific uncertainty; indoor climate; the wider environment; materials; benefits of benign specification; increasing market share; the triple bottom line (environment, economy, community) -- Benign construction: design approach: plan of work; roles and responsibilities on site; life cycles; labelling and assessment; life cycle analysis; assessment schemes; ecolabels; culture shift -- Costs: general context; definitions; trade-offs and the lowest option; case studies; the secondary and tertiary benefits; summary and conclusions -- The details: steel frame and concrete block cavity wall; timber kit construction; steel frame construction; rehabilitation; precast concrete | |
| 520 | _aOffers guidance on the use of chemicals in the built environment and ways in which buildings can be designed to reduce toxic loads. | ||
| 521 | _aAdvanced | ||
| 651 | 4 |
_aScotland _y1999- |
|
| 690 | _aBUILT ENVIRONMENT-CONSTRUCTION DESIGN | ||
| 700 | 1 | _aGilbert, John | |
| 700 | 1 | _aHalliday, Sandy | |
| 856 | 4 | 0 |
_uhttps://www.seda.uk.net/toxic_chemical_reduction_in_buildings.html _zView the guidance free of charge at www.seda2.org... |
| 942 | _n0 | ||
| 999 |
_c109805 _d109805 |
||